Central Library OPAC University of Rajshahi

Problems and prospects of employment and income generation in the cottage industry sub-sector in Bangladesh / (Record no. 79507)

MARC details
000 -LEADER
fixed length control field 01084nam a22002777a 4500
001 - CONTROL NUMBER
RUCL Control Number 79507
003 - CONTROL NUMBER IDENTIFIER
rucl marc code BD-RjUL
005 - DATE AND TIME OF LATEST TRANSACTION
control field 20220511110751.0
008 - FIXED-LENGTH DATA ELEMENTS--GENERAL INFORMATION
fixed length control field 220307s2004 bg a|||| m||| 00| 0 eng d
035 ## - SYSTEM CONTROL NUMBER
system control number (BD-RjUL)79507
040 ## - CATALOGING SOURCE
Original cataloging agency BD-RjUL
Language of cataloging eng
Transcribing agency BD-RjUL
Modifying agency BD-RjUL
041 ## - LANGUAGE CODE
Language code of Book eng
082 ## - DEWEY DECIMAL CLASSIFICATION NUMBER
DDC Edition number 23
Classification number 338.634
Author mark and Year HAP 2004
100 ## - MAIN ENTRY--PERSONAL NAME
Personal name Hassan, Molla Mahmud
9 (RLIN) 1728
245 10 - TITLE STATEMENT
Title Problems and prospects of employment and income generation in the cottage industry sub-sector in Bangladesh /
Statement of responsibility, etc By Molla Mahmud Hassan ;
Name of Supervisor/Co-Supervisor Supervisor: M. Zainul Abedin
260 ## - PUBLICATION, DISTRIBUTION, ETC. (IMPRINT)
Place of publication, distribution, etc Rajshahi :
Name of publisher, distributor, etc Institute of Bangladesh Studies, Rajshahi University,
Date of publication, distribution, etc 2004
300 ## - PHYSICAL DESCRIPTION
Pagination xxi, 266 leaves :
Other physical details ill, ;
Dimensions 29.cm.
502 ## - DISSERTATION NOTE
Dissertation note Thesis (Ph. D.) -- Institute of Bangladesh Studies, Rajshahi University, 2004
504 ## - BIBLIOGRAPHY, ETC. NOTE
Bibliography, etc Bibliography : Leaves [237] - 250
600 ## - SUBJECT ADDED ENTRY--PERSONAL NAME
Chronological subdivision
-- 2910
650 ## - SUBJECT ADDED ENTRY--TOPICAL TERM
Topical term or geographic name as entry element Cottage industries
Geographic subdivision Bangladesh.
9 (RLIN) 2911
Topical term or geographic name as entry element Unemployment
Geographic subdivision Bangladesh.
9 (RLIN) 2912
Topical term or geographic name as entry element Small business
Geographic subdivision Bangladesh.
9 (RLIN) 2687
700 ## - ADDED ENTRY--SUPERVISOR/CO-SUPERVISOR NAME
Personal name Abedin, M. Zainul, Supervisor
9 (RLIN) 1323
942 ## - ADDED ENTRY ELEMENTS (KOHA)
Source of classification or shelving scheme Dewey Decimal Classification
Koha item type Theses
Holdings
Source of classification or shelving scheme Damaged status Not for loan Collection code Permanent Location Current Location Shelving location Date of accession Source of acquisition Full call number Barcode Date last seen Copy number Thesis
Dewey Decimal Classification   Not For Loan Theses Central Library, University of Rajshahi Central Library, University of Rajshahi Documentation Section 09/10/2005 Controller of Exam. R.U THE 338.634 HAP 2004 D2461 07/03/2022 C-1 Theses